[Event "Chojnice op-A 4th"]
[Site "Chojnice"]
[Date "2008.07.13"]
[Round "2"]
[White "Olszewski, Marek"]
[Black "Myc, Marcin"]
[Result "0-1"]
[WhiteElo "2151"]
[BlackElo "2312"]
[PlyCount "98"]
[EventDate "2008.07.12"]
[EventType "swiss"]
[EventRounds "9"]
[EventCountry "POL"]
[SourceTitle "EXT 2018"]
[Source "ChessBase"]
[SourceDate "2017.10.13"]
[SourceVersion "1"]
[SourceVersionDate "2017.10.13"]
[SourceQuality "1"]

1. e4 c6 2. Nc3 d5 3. Nf3 Bg4 4. h3 Bxf3 5. Qxf3 e6 6. d3 Nd7 7. Qg3 Ngf6 8. Be2 g6 9. 0-0 Bg7 10. Kh1 0-0 11. f4 b5 12. e5 Ne8 13. d4 Qe7 14. Be3 a6 15. Nb1 c5 16. c3 Nc7 17. Nd2 b4 18. Nf3 bxc3 19. bxc3 Nb5 20. Qe1 Na3 21. Rc1 Rfc8 22. Bd3 Nc4 23. Bf2 cxd4 24. cxd4 Qa3 25. Qe2 Ndb6 26. Rc2 Bh6 27. Bh4 Na4 28. Bxc4 dxc4 29. Rxc4 Nb6 30. Rxc8+ Rxc8 31. Bg5 Bxg5 32. Nxg5 Rc1 33. Qf2 Rxf1+ 34. Qxf1 Qxa2 35. Qc1 Qc4 36. Qb1 Qxd4 37. Ne4 Kg7 38. Kh2 Nd5 39. h4 Nxf4 40. Nd6 Qf2 41. Qb7 Qxg2+ 42. Qxg2 Nxg2 43. Kxg2 g5 44. Kg3 a5 45. Nb5 a4 46. Na3 gxh4+ 47. Kxh4 Kg6 48. Nc4 a3 49. Nxa3 Kf5 0-1

[Event "POL-chT 2nd League"]
[Site "Wysowa"]
[Date "2007.09.05"]
[Round "3"]
[White "Myc, Marcin"]
[Black "Spicak, Krzysztof"]
[Result "1-0"]
[WhiteElo "2332"]
[BlackElo "2080"]
[PlyCount "54"]
[EventDate "2007.09.03"]
[EventType "team-swiss"]
[EventRounds "9"]
[EventCountry "POL"]
[SourceTitle "EXT 2010"]
[Source "ChessBase"]
[SourceDate "2010.11.25"]
[SourceVersion "1"]
[SourceVersionDate "2010.11.25"]
[SourceQuality "1"]
[WhiteTeam "Wegrow SRSDiM"]
[BlackTeam "Milanowek UKS Jedwabnik"]
[WhiteTeamCountry "POL"]
[BlackTeamCountry "POL"]

1. d4 d5 2. Nf3 Nf6 3. c4 dxc4 4. e3 c5 5. Bxc4 Nc6 6. Nc3 e6 7. 0-0 a6 8. a4 Na5 9. Ba2 b6 10. Qe2 Bb7 11. Rd1 Qc7 12. h3 Bd6 13. dxc5 Bxc5 14. e4 0-0 15. Bg5 Nc6 16. e5 Nd7 17. Bf4 Nb4 18. Bb1 Be7 19. Ne4 Nc5 20. Nd6 Nd5 21. Bg3 Bc6 22. Qc2 g6 23. a5 Bxd6 24. exd6 Qb7 25. Ra3 Bb5 26. axb6 Qxb6 27. Rd2 Ne4 1-0

[Event "POL-chT 2nd League"]
[Site "Wysowa"]
[Date "2007.09.03"]
[Round "1"]
[White "Myc, Marcin"]
[Black "Voloshin, Leonid"]
[Result "0-1"]
[WhiteElo "2332"]
[BlackElo "2462"]
[PlyCount "82"]
[EventDate "2007.09.03"]
[EventType "team-swiss"]
[EventRounds "9"]
[EventCountry "POL"]
[SourceTitle "EXT 2010"]
[Source "ChessBase"]
[SourceDate "2010.11.25"]
[SourceVersion "1"]
[SourceVersionDate "2010.11.25"]
[SourceQuality "1"]
[WhiteTeam "Wegrow SRSDiM"]
[BlackTeam "Wloclawek Leszczynski"]
[WhiteTeamCountry "POL"]
[BlackTeamCountry "POL"]

1. d4 d6 2. Nf3 g6 3. c4 Bg7 4. Nc3 e5 5. dxe5 dxe5 6. Qxd8+ Kxd8 7. Bg5+ f6 8. 0-0-0+ Bd7 9. Be3 Bh6 10. Bxh6 Nxh6 11. e3 c6 12. c5 Ke7 13. Bc4 b5 14. cxb6 axb6 15. Rd2 b5 16. Bb3 Na6 17. Ne4 Bf5 18. Nd6 Nc5 19. Nxf5+ Nxf5 20. Rhd1 Nxb3+ 21. axb3 Ra1+ 22. Kc2 Rxd1 23. Rxd1 h5 24. Ra1 g5 25. Ra7+ Ke6 26. Nd2 Nd6 27. b4 h4 28. h3 Rg8 29. Nb3 g4 30. Nc5+ Kf5 31. Rd7 gxh3 32. gxh3 Ne4 33. Nxe4 Kxe4 34. Rh7 Kf3 35. Rxh4 Kxf2 36. Rh6 f5 37. Rf6 f4 38. exf4 e4 39. Rxc6 e3 40. Kd3 e2 41. Rc2 Kf3 0-1

[Event "POL-chT Liga Mazowiecka 2006/07"]
[Site "Poland"]
[Date "2007.02.04"]
[Round "8.13"]
[White "Zakrzewski, Marcin"]
[Black "Myc, Marcin"]
[Result "1/2-1/2"]
[WhiteElo "2190"]
[BlackElo "2313"]
[PlyCount "59"]
[EventDate "2006.10.22"]
[EventType "team-swiss"]
[EventRounds "9"]
[EventCountry "POL"]
[SourceTitle "EXT 2011"]
[Source "ChessBase"]
[SourceDate "2010.11.26"]
[SourceVersion "1"]
[SourceVersionDate "2010.11.26"]
[SourceQuality "1"]
[WhiteTeam "Bialoleka PKS Agape"]
[BlackTeam "Wegrow SRSDiM"]
[WhiteTeamCountry "POL"]
[BlackTeamCountry "POL"]

1. e4 c6 2. d4 d5 3. Nc3 dxe4 4. f3 e3 5. Bxe3 Nf6 6. Nge2 Nbd7 7. Ne4 e6 8. Bf2 Be7 9. c4 0-0 10. N2c3 b6 11. Bd3 Bb7 12. 0-0 c5 13. dxc5 Nxc5 14. Nxc5 Bxc5 15. Bxc5 bxc5 16. Qe2 Qd4+ 17. Kh1 Rad8 18. Rad1 Qf4 19. Be4 Nxe4 20. Nxe4 Bxe4 21. Qxe4 Qxe4 22. fxe4 f6 23. Kg1 Kf7 24. Kf2 Ke7 25. Ke3 Rxd1 26. Rxd1 Rb8 27. b3 a5 28. Rd3 Ra8 29. a4 Rb8 30. h4 1/2-1/2